| 000 | 01004nam a2200301 i 4500 | ||
|---|---|---|---|
| 001 | 000008720 | ||
| 003 | DO-SdBNP | ||
| 005 | 20250821075118.0 | ||
| 007 | ta | ||
| 008 | 090918s1968 dr c r 001 0 spa d | ||
| 040 |
_aDO-SdBNP _bspa _cBNPHU _erda |
||
| 041 | _aspa | ||
| 082 | 4 |
_aRD860.9 _bB171h 1968 _222 |
|
| 100 | 1 |
_aBalaguer, Joaquín, _d1906-2002. _eautor _4aut. _976556 |
|
| 245 | 1 | 0 |
_aHistoria de la literatura dominicana / _cJoaquín Balaguer. |
| 250 | _aCuarta edición | ||
| 264 | 1 |
_aSanto Domingo : _bJulio D. Postigo & Hijos, _c1968. |
|
| 300 |
_a371 páginas : _bilustraciones, retratos ; _c23 cm. |
||
| 336 |
_atexto _btxt _2rdacontent |
||
| 337 |
_asin mediación _bn _2rdamedia |
||
| 338 |
_avolumen _bnc _2rdacarrier |
||
| 500 | _aIncluye índice | ||
| 586 | _aPremio Nacional de Obras Didácticas 1956 | ||
| 590 | _aInventariado, 2018/BT | ||
| 650 | 7 |
_aLiteratura dominicana _xHistoria y crítica _9159 _2LEMB |
|
| 910 | _aValidado. Control de calidad MFF | ||
| 942 |
_2ddc _cLBS1 |
||
| 999 |
_c8490 _d8490 |
||